El reloj de arena /

Novela de Romesh Gunesekera, escritor nacido en 1954 y criado en Sri Lanka y Filipinas, quien forma parte de un grupo de autores nacidos en antiguas colonias británicas que han elegido al inglés como su idioma de expresión literaria. Es autor del volumen de relatos Monkfish Moon y de la novela Reef.

Gardado en:
Detalles Bibliográficos
Autor Principal: Gunesekera, Romesh (autor)
Formato: Libro
Idioma:Lingua castelá
Publicado: Barcelona, España : Tusquets, 2001, c2001
Series:(Andanzas ; 442)
Temas:
Etiquetas: Engadir etiqueta
Sen Etiquetas, Sexa o primeiro en etiquetar este rexistro!

MARC

LEADER 00000nam^a2200000^a^4500
001 000124661
005 20250521000000.0
009 20260310094621.922
020 |a 84-8310-170-X 
037 |a Acervo ITESO - Biblioteca 
041 |a ESP 
082 |a 891. 48  |b GUN 
100 |a Gunesekera, Romesh  |e (autor) 
245 1 3 |a El reloj de arena /  |c R. Gunesekera ; tr. por Eduardo Berti. 
264 4 |a Barcelona, España :  |b Tusquets,  |c 2001, c2001 
300 |a 261 p. 
336 |a texto  |b txt  |2 rdacontenido 
337 |a sin mediación  |b n  |2 rdamedio 
338 |a volumen  |b nc  |2 rdasoporte 
440 1 |a (Andanzas ;  |v 442) 
500 |a Traducción de: The Sandglass 
520 |a Novela de Romesh Gunesekera, escritor nacido en 1954 y criado en Sri Lanka y Filipinas, quien forma parte de un grupo de autores nacidos en antiguas colonias británicas que han elegido al inglés como su idioma de expresión literaria. Es autor del volumen de relatos Monkfish Moon y de la novela Reef. 
649 |a XX 
650 |a Novela Cingalesa 
650 |a Literatura Cingalesa -  |y Siglo XX 
650 |a Literatura en Inglés 
910 |a Fondo General 
920 |a Impresos - Libros 
930 |a Colección General 
940 |a Literatura 
905 |a 101 
901 |a 0500057888  |b IT1  |c LIT  |u 20250521 
902 |a https://opac.biblio.iteso.mx/vufind/Record/000124661